000 00554nam a2200205Ia 4500
005 20250508150435.0
008 008 250505s9999 xx 000 0 eng d
037 _aTextual
040 _aFEDL
_beng
_cFEDL
041 _aeng
_2eng
084 _a150.195, FRE
_qFEDL
100 _aFreud Sigmund
245 0 _aFreud: On war sex and neurosis
260 _aNew York, USA
_bUnited States of America
_c1947
300 _a288p.
365 _aINR
_b12
650 _aPsychology
942 _cTEXL
_h150.195, FRE
999 _c1323671
_d1323671